000 01407nam0a2200373 4500
001 RU\NLR\bibl\143996
005 20250618045538.0
010 _a5-93929-010-8
_95000
021 _aRU
_b2000-48629
_92238
035 _a(NLR Aleph) 000141070
090 _a807539
_c807539
100 _a20010320d2000 |||y0rusy50 ca
101 0 _arus
102 _aRU
105 _aa |||||||||
200 1 _aПрофилактика и домашнее лечение болезней пищеварительной системы
_fА.Ю. Барановский
210 _aСПб.
_cФолиант
_d2000
215 _a493, [1] с.
_cил.
_d23
320 _aБиблиогр.: с. 482-487
606 0 _aПищеварительная система
_xБолезни
_xПрофилактика
_91789535
_3RU\NLR\auth\66805158
606 0 _aПищеварительная система
_xБолезни
_xТерапия
_92174225
_3RU\NLR\auth\661307712
610 0 _aПищеварительные органы - Болезни - Лечение
675 _a616.3-08
_v3
_zrus
686 _a76.29
_2rugasnti
686 _a54.13
_2rubbk
686 _aР413-5
686 _aР413-8
700 1 _aБарановский
_gАндрей Юрьевич
_4070
801 0 _aRU
_bRKP
_c20010320
_gPSBO
801 1 _aRU
_bRKP
_c20010320
801 2 _aRU
_bNLR
_c20020925
_grcr
942 _cBOOK
980 _aNB